000 00311nam a22001337a 4500
082 _a891.4391 NOS
100 _aNoshi Gilani
245 _aMuhabatain jab shumar karna
260 _aLahore
_bAl Hamad Publications
_c1997
300 _a246p. :
650 _aUrdu literature
700 _aNoshi Gilani
942 _cBK
999 _c11576
_d11576